Nástroje elektronického podnikania v manažmente malých a stredných podnikov a ich úloha v čase akcelerovanej digitalizácie bakalárska práca

Saved in:
Bibliographic Details
Main Author: Filčák, Jakub
Corporate Author: Fakulta podnikového manažmentu EU. Katedra informačného manažmentu
Other Authors: Kalamen, Kristián, 1996-
Format: Book
Language:Slovak
Published: Bratislava 2024
Tags: Add Tag
No Tags, Be the first to tag this record!

MARC

LEADER 00000nbm a2200000 4500
001 0302053
005 20250225084341.5
041 0 |a slo 
044 |a SK 
245 1 0 |a Nástroje elektronického podnikania v manažmente malých a stredných podnikov a ich úloha v čase akcelerovanej digitalizácie  |b bakalárska práca  |c Jakub Filčák ; školiteľ: Kristián Kalamen 
264 1 |a Bratislava  |c 2024 
300 |a 49 s. 
100 1 |a Filčák, Jakub 
700 1 |a Kalamen, Kristián, 1996- 
710 2 |a Fakulta podnikového manažmentu EU. Katedra informačného manažmentu